000 01153nam a2200325 i 4500
001 768714001
003 CO-MdFUSB
005 20210305123706.0
007 ta
008 160830s1986 -us |||f |||| 00| 0 eng d
020 _a0800619358
040 _aCO-MdFUSB
_bEspañol
_cCO-MdFUSB
_dCO-MdFUSB
_erda
041 _aeng
_hger
082 _224
_a230.041
_bR451p
100 1 _aReventlow, Henning Graf
_dautor
240 _a Hauptprobleme der Biblischen Theologie im 20, Jahrhundert
245 0 0 _aProblems of biblical theology in the twentieth century
_c/ Henning Graf Reventlow
264 1 _aPhiladelphia, Pennsylvania :
_bFortress Press,
_c[1986]
264 4 _c© 1986
300 _axvii, 188 páginas
_c; 22 mc
336 _2rdacontent
_atexto
_btxt
337 _2rdamedia
_asin mediación
_bn
338 _2rdacarrier
_avolumen
_bnc
505 _aEl "Movimiento de la Teología Bíblica" anglosajona / La relación entre el Antiguo Testamento y el Nuevo / Nuevos enfoques para una Teología Bíblica
563 _aRústico
650 7 _9320
_aTeología bíblica
942 _cBK
945 _aJTF-925
999 _c47219
_d47219